Statistics for Top 10 Chelsea PL scorers

Click here to take the quiz!

General Stats

  • This quiz has been taken 115 times
  • The average score is 7 of 10

Answer Stats

HintAnswer% Correct
147Lampard
98%
104Drogba
97%
56Hazard
92%
51Costa
81%
40Terry
74%
59Zola
73%
38Anelka
58%
69Hasselbaink
54%
54Gudjohnsen
31%
36Spencer
8%

Score Distribution

Percentile by Number Answered

Percent of People with Each Score

Your Score History

You have not taken this quiz